| 000 | 01226nam a22002897a 4500 | ||
|---|---|---|---|
| 999 |
_c9837 _d9837 |
||
| 003 | AR-CdUCM | ||
| 008 | 190328b ||||| |||| 00| 0 spa d | ||
| 020 | _a978-607-618-375-5 | ||
| 040 |
_aMUNICIPALIDAD PROVINCIAL DEL CUSCO _cBIBLIOTECA MUNICIPAL DEL CUSCO |
||
| 041 | _heng | ||
| 082 |
_aPI-0091 / _bCAR / cai |
||
| 100 |
_aCarroll, Lewis _924930 |
||
| 245 |
_aCaída en la madriguera del conejo del cuento de Alicia en el país de las maravillas : _by otras historias disparatadas / |
||
| 260 |
_aMéxico : _bSilver Dolphin, _c2015. |
||
| 300 |
_a40 páginas ; _bIlustraciones a color, _c22 cm. |
||
| 500 | _aTítulo original: Down the rabbit hole | ||
| 505 | _aContenido: Una pregunta tonta -- De cómo botas hizo que la princesa dijera "eso si que es mentira"-- Caída en la madriguera del conejo del cuento de Alicia en el país de las maravillas -- El mejor mentiroso del mundo. | ||
| 650 |
_aNarrativa _967 |
||
| 650 |
_acuentos infantiles _926201 |
||
| 700 |
_aNesbit, E. _926316 |
||
| 700 |
_aWebbe Dasent, Sir George _926284 |
||
| 700 |
_aLang, Andrew _926200 |
||
| 700 |
_aParker, Vic (Compilador) _926203 |
||
| 700 |
_aCaballero, Samantha (Traductora) _926224 |
||
| 942 |
_2ddc _cLIBROS |
||
| 945 | _araen | ||